01118cam a22002658a 45000010009000000050017000090080041000260100017000670200039000840400018001230820023001412450098001642600034002623000033002965040051003296500063003806500061004436500045005046510069005496530022006187000032006409420012006729990017006849520151007011418498020101019122839.0051130s2006 nyu b 001 0 eng  a 2005035072 a0415398967 (hardback : alk. paper) aDLCcDLCdDLC00a320.91767222bPOP00aPopular Movements and Democratization in the Islamic World /c[edited by] Kisaichi Masatoshi. aNew York :bRoutledge,c2006. axi, 196 p. :bill. ;c24 cm. aIncludes bibliographical references and index. 0aPolitical culturezIslamic countriesvCase studies.928803 0aDemocratizationzIslamic countriesvCase studies.928804 0aIslam and politicsvCase studies.928805 0aIslamic countriesxPolitics and governmentvCase studies.928806 bPolcFebruary20121 aMasatoshi, Kisaichi.928807 2ddccBB c16440d16440 00102ddc40708MERICaMAINbMAINc1STd2012-02-12epurchaseg224.00h13168l7m45o320.91767 POPp000026082r2025-07-15 00:00:00s2016-10-19yBB